MARC details
| 000 -CABECERA |
| campo de control de longitud fija |
01974cam a2200337 i 4500 |
| 001 - NÚMERO DE CONTROL |
| campo de control |
a43222780 |
| 003 - IDENTIFICADOR DEL NÚMERO DE CONTROL |
| campo de control |
SIRSI |
| 005 - FECHA Y HORA DE LA ÚLTIMA TRANSACCIÓN |
| campo de control |
20250703150243.0 |
| 007 - CAMPO FIJO DE DESCRIPCIÓN FÍSICA--INFORMACIÓN GENERAL |
| campo de control de longitud fija |
t| |
| 008 - DATOS DE LONGITUD FIJA--INFORMACIÓN GENERAL |
| campo de control de longitud fija |
221026t20232023enka b 001 0 eng d |
| 010 ## - NÚMERO DE CONTROL DE LA BIBLIOTECA DEL CONGRESO |
| Número de control de LC |
2022948740 |
| 015 ## - NÚMERO DE BIBLIOGRAFÍA NACIONAL |
| Número de bibliografía nacional |
GBC3D6010 |
| Fuente |
bnb |
| 016 7# - NÚMERO DE CONTROL DE UNA AGENCIA BIBLIOGRÁFICA NACIONAL |
| Número de control del registro |
021144091 |
| Fuente |
Uk |
| 020 ## - NÚMERO INTERNACIONAL ESTÁNDAR DEL LIBRO |
| Número Internacional Estándar del Libro |
9781509545223 |
| 035 ## - NÚMERO DE CONTROL DEL SISTEMA |
| Número de control de sistema |
(OCoLC)1353961655 |
| Número de control cancelado/no válido |
(OCoLC)1353981160 |
| -- |
(OCoLC)1428888272 |
| 040 ## - FUENTE DE LA CATALOGACIÓN |
| Centro catalogador/agencia de origen |
YDX |
| Lengua de catalogación |
eng |
| Normas de descripción |
rda |
| Centro/agencia transcriptor |
DLC |
| Centro/agencia modificador |
UKMGB |
| -- |
BDX |
| -- |
TOH |
| -- |
YDX |
| -- |
OCLCF |
| -- |
IUO |
| -- |
CDX |
| -- |
MNN |
| -- |
OCLCO |
| -- |
GRU |
| -- |
EEM |
| -- |
RDF |
| -- |
DAC |
| -- |
UtOrBLW |
| 041 ## - CÓDIGO DE LENGUA |
| Código de lengua del texto/banda sonora o título independiente |
eng |
| 042 ## - CÃDIGO DE AUTENTICACIÃN |
| Código de autenticación |
lccopycat |
| 050 00 - SIGNATURA TOPOGRÁFICA DE LA BIBLIOTECA DEL CONGRESO |
| Número de clasificación |
TA1634 |
| Número de documento/Ítem |
.R484 2023 |
| 100 ## - ENTRADA PRINCIPAL--NOMBRE DE PERSONA |
| Nombre de persona |
Rettberg, Jill Walker |
| Término indicativo de función/relación |
author |
| 9 (RLIN) |
25680 |
| 245 10 - MENCIÓN DE TÍTULO |
| Título |
Machine vision |
| Resto del título |
: how algorithms are changing the way we see the world |
| Mención de responsabilidad, etc. |
/ Jill Walker Rettberg. |
| 260 ## - PUBLICACIÓN, DISTRIBUCIÓN, ETC. |
| Lugar de publicación, distribución, etc. |
Cambridge, UK : |
| Nombre del editor, distribuidor, etc. |
Polity Press, |
| Fecha de publicación, distribución, etc. |
2023. |
| 300 ## - DESCRIPCIÓN FÍSICA |
| Extensión |
vii, 225 pages : |
| Otras características físicas |
illustrations ; |
| Dimensiones |
22 cm. |
| 504 ## - NOTA DE BIBLIOGRAFÍA, ETC. |
| Nota de bibliografía, etc. |
Includes bibliographical references (pages 189-210) and index. |
| 505 0# - NOTA DE CONTENIDO CON FORMATO |
| Nota de contenido con formato |
Introduction — Seeing More: Histories of Augmenting Human Vision — Seeing Differently: exploring non-Human Vision — Seeing Everything: Surveillance and the desire for Objectivity and Security — Being Seen: the Algorithmic Gaze — Seeing Less: the Blind Spots of Machine Vision — Conclusion: hope. |
| 520 ## - SUMARIO, ETC. |
| Sumario, etc. |
In this illuminating book, Jill Walker Rettberg examines the long history of machine vision. Providing an overview of the historical and contemporary uses of machine vision, she unpacks how technologies such as smart surveillance cameras and TikTok filters are changing the way we see the world and one another. By analysing fictional and real-world examples, including art, video games and science fiction, the book shows how machine vision can have very different cultural impacts, fostering both sympathy and community as well as anxiety and fear. |
| 650 #0 - PUNTO DE ACCESO ADICIONAL DE MATERIA--TÉRMINO DE MATERIA |
| Término de materia o nombre geográfico como elemento de entrada |
Computer vision |
| Subdivisión general |
History |
| 9 (RLIN) |
25681 |
| 650 #0 - PUNTO DE ACCESO ADICIONAL DE MATERIA--TÉRMINO DE MATERIA |
| Término de materia o nombre geográfico como elemento de entrada |
Algorithms |
| Subdivisión general |
Social aspects |
| 9 (RLIN) |
25682 |
| 655 #0 - TÉRMINO DE INDIZACIÓN--GÉNERO/FORMA |
| Datos o término principal de género/forma |
History |
| 9 (RLIN) |
22700 |
| 942 ## - ELEMENTOS DE ENTRADA AGREGADA (KOHA) |
| Fuente del sistema de clasificación o colocación |
Clasificación de Library of Congress |